Легкие бетоны на органических заполнителях

ग्रंथसूची विवरण
मुख्य लेखक: Клименко М. И. Мария Ивановна
भाषा:रूसी
प्रकाशित: Саратов, Изд-во Саратовского ун-та, 1977
विषय:
स्वरूप: पुस्तक
KOHA link:https://koha.lib.tpu.ru/cgi-bin/koha/opac-detail.pl?biblionumber=682194

MARC

LEADER 00000nam0a2200000 4500
001 682194
005 20251009161659.0
090 |a 682194 
100 |a 20251009d1977 km|y0rusy50 ca 
101 1 |a rus 
102 |a RU 
105 |a a z 001yy 
181 0 |a i   |b  e  
182 0 |a n 
183 0 |a nc  |2 RDAcarrier 
200 1 |a Легкие бетоны на органических заполнителях  |f М. И. Клименко 
203 |a Текст  |b визуальный  |c непосредственный 
210 |a Саратов  |c Изд-во Саратовского ун-та  |d 1977 
215 |a 160 с.  |c ил. 
283 |a volume  |2 RDAcarrier 
320 |a Литература: с. 153-154 
606 |a Бетон  |x Заполнители  |9 57108 
610 1 |a армирование 
610 1 |a минерализаторы 
610 1 |a арболит 
610 1 |a вяжущие вещества 
675 |a 666.972.12  |v 4 
700 1 |a Клименко  |b М. И.  |g Мария Ивановна 
801 0 |a RU  |b 63413507  |c 20251009 
830 |a Ретро2025Каталогизация Мотырева 
850 |a 63413507 
942 |c BK